[Event "ABC-4 2025 Groep A"]
[Site "Utrecht"]
[Date "2025.03.15"]
[Round "1.5"]
[White "Blom, Rens"]
[Black "Nalivaieva, Alisa"]
[Result "1-0"]
[WhiteFideId "8605586"]
[BlackFideId "9073482"]
[WhiteElo "1981"]
[BlackElo "1797"]

1. c4 {[%clk 00:55:17]} {[%emt 00:00:02]} e6 {[%clk 00:55:14]} {[%emt
00:00:06]} 2. e4 {[%clk 00:55:23]} {[%emt 00:00:05]} b6 {[%clk 00:54:44]}
{[%emt 00:00:40]} 3. Nc3 {[%clk 00:55:26]} {[%emt 00:00:07]} Bb7 {[%clk
00:54:45]} {[%emt 00:00:09]} 4. g3 {[%clk 00:55:10]} {[%emt 00:00:26]} Bb4
{[%clk 00:54:27]} {[%emt 00:00:28]} 5. d3 {[%clk 00:55:03]} {[%emt 00:00:17]}
d5 {[%clk 00:53:05]} {[%emt 00:01:32]} 6. exd5 {[%clk 00:53:01]} {[%emt
00:02:12]} exd5 {[%clk 00:50:38]} {[%emt 00:02:37]} 7. Bg2 {[%clk 00:52:01]}
{[%emt 00:01:10]} Bxc3+ {[%clk 00:48:23]} {[%emt 00:02:25]} 8. bxc3 {[%clk
00:52:04]} {[%emt 00:00:07]} Nf6 {[%clk 00:47:37]} {[%emt 00:00:56]} 9. Ne2
{[%clk 00:48:04]} {[%emt 00:04:09]} O-O {[%clk 00:47:03]} {[%emt 00:00:44]} 10.
O-O {[%clk 00:48:05]} {[%emt 00:00:09]} c6 {[%clk 00:43:45]} {[%emt 00:03:29]}
11. a4 {[%clk 00:41:05]} {[%emt 00:07:10]} dxc4 {[%clk 00:40:40]} {[%emt
00:03:14]} 12. dxc4 {[%clk 00:41:10]} {[%emt 00:00:05]} Qc8 {[%clk 00:38:54]}
{[%emt 00:01:56]} 13. Nf4 {[%clk 00:31:49]} {[%emt 00:09:32]} Nbd7 {[%clk
00:33:54]} {[%emt 00:05:10]} 14. Ba3 {[%clk 00:28:08]} {[%emt 00:03:51]} Rd8
{[%clk 00:30:57]} {[%emt 00:03:07]} 15. Re1 {[%clk 00:25:40]} {[%emt 00:02:39]}
Ne5 {[%clk 00:26:58]} {[%emt 00:04:08]} 16. Qb3 {[%clk 00:25:01]} {[%emt
00:00:50]} Nd3 {[%clk 00:23:18]} {[%emt 00:03:49]} 17. Nxd3 {[%clk 00:24:22]}
{[%emt 00:00:49]} Rxd3 {[%clk 00:23:23]} {[%emt 00:00:05]} 18. Re7 {[%clk
00:21:17]} {[%emt 00:03:15]} Rd8 {[%clk 00:21:04]} {[%emt 00:02:29]} 19. c5
{[%clk 00:19:53]} {[%emt 00:01:34]} Nd5 {[%clk 00:21:00]} {[%emt 00:00:13]} 20.
Bxd5 {[%clk 00:19:40]} {[%emt 00:00:24]} cxd5 {[%clk 00:18:47]} {[%emt
00:02:22]} 21. cxb6 {[%clk 00:18:45]} {[%emt 00:01:06]} axb6 {[%clk 00:18:47]}
{[%emt 00:00:10]} 22. Qxb6 {[%clk 00:18:09]} {[%emt 00:00:46]} Ba6 {[%clk
00:16:55]} {[%emt 00:02:02]} 23. Rae1 {[%clk 00:16:54]} {[%emt 00:01:25]} h6
{[%clk 00:16:14]} {[%emt 00:00:51]} 24. Qe3 {[%clk 00:09:47]} {[%emt 00:07:17]}
Qf5 {[%clk 00:13:53]} {[%emt 00:02:31]} 25. Re5 {[%clk 00:08:05]} {[%emt
00:01:53]} Qd3 {[%clk 00:11:01]} {[%emt 00:03:00]} 26. Bb4 {[%clk 00:04:32]}
{[%emt 00:03:43]} Qxe3 {[%clk 00:10:52]} {[%emt 00:00:20]} 27. R5xe3 {[%clk
00:04:28]} {[%emt 00:00:15]} Bc4 {[%clk 00:10:44]} {[%emt 00:00:17]} 28. Ra1
{[%clk 00:04:20]} {[%emt 00:00:18]} Ra7 {[%clk 00:10:41]} {[%emt 00:00:13]} 29.
Bc5 {[%clk 00:03:36]} {[%emt 00:00:54]} Ra6 {[%clk 00:09:57]} {[%emt 00:00:53]}
30. Bd4 {[%clk 00:03:28]} {[%emt 00:00:19]} Rda8 {[%clk 00:09:45]} {[%emt
00:00:22]} 31. h4 {[%clk 00:03:35]} {[%emt 00:00:04]} Rxa4 {[%clk 00:09:42]}
{[%emt 00:00:12]} 32. Rxa4 {[%clk 00:03:44]} {[%emt 00:00:01]} Rxa4 {[%clk
00:09:38]} {[%emt 00:00:15]} 33. Re8+ {[%clk 00:03:43]} {[%emt 00:00:10]} Kh7
{[%clk 00:09:40]} {[%emt 00:00:08]} 34. Re7 {[%clk 00:03:38]} {[%emt 00:00:15]}
Kg8 {[%clk 00:09:38]} {[%emt 00:00:12]} 35. Re8+ {[%clk 00:03:12]} {[%emt
00:00:36]} Kh7 {[%clk 00:09:43]} {[%emt 00:00:05]} 36. Rf8 {[%clk 00:03:21]}
{[%emt 00:00:02]} f6 {[%clk 00:09:04]} {[%emt 00:00:49]} 37. Rf7 {[%clk
00:03:14]} {[%emt 00:00:17]} Kg8 {[%clk 00:09:10]} {[%emt 00:00:03]} 38. Rb7
{[%clk 00:03:01]} {[%emt 00:00:24]} Ra8 {[%clk 00:08:42]} {[%emt 00:00:39]} 39.
Kh2 {[%clk 00:03:05]} {[%emt 00:00:06]} Bd3 {[%clk 00:08:00]} {[%emt 00:00:50]}
40. g4 {[%clk 00:02:51]} {[%emt 00:00:25]} Rf8 {[%clk 00:07:36]} {[%emt
00:00:34]} 41. Kg3 {[%clk 00:02:56]} {[%emt 00:00:06]} Rf7 {[%clk 00:07:20]}
{[%emt 00:00:25]} 42. Rb8+ {[%clk 00:02:37]} {[%emt 00:00:29]} Rf8 {[%clk
00:07:25]} {[%emt 00:00:05]} 43. Rb6 {[%clk 00:02:43]} {[%emt 00:00:03]} Re8
{[%clk 00:06:20]} {[%emt 00:01:15]} 44. Rd6 {[%clk 00:02:46]} {[%emt 00:00:07]}
Bc4 {[%clk 00:06:25]} {[%emt 00:00:06]} 45. Rd7 {[%clk 00:02:46]} {[%emt
00:00:11]} Rf8 {[%clk 00:06:05]} {[%emt 00:00:28]} 46. f4 {[%clk 00:02:34]}
{[%emt 00:00:23]} Rf7 {[%clk 00:06:03]} {[%emt 00:00:11]} 47. Rd8+ {[%clk
00:02:42]} {[%emt 00:00:03]} Rf8 {[%clk 00:06:09]} {[%emt 00:00:04]} 48. Rd6
{[%clk 00:02:51]} {[%emt 00:00:01]} Rf7 {[%clk 00:05:59]} {[%emt 00:00:20]} 49.
Bc5 {[%clk 00:02:03]} {[%emt 00:00:58]} Kh7 {[%clk 00:05:30]} {[%emt 00:00:39]}
50. Rd8 {[%clk 00:02:10]} {[%emt 00:00:03]} g6 {[%clk 00:04:46]} {[%emt
00:00:53]} 51. Bd4 {[%clk 00:02:14]} {[%emt 00:00:06]} Bb3 {[%clk 00:03:19]}
{[%emt 00:01:37]} 52. g5 {[%clk 00:02:17]} {[%emt 00:00:07]} hxg5 {[%clk
00:03:08]} {[%emt 00:00:22]} 53. hxg5 {[%clk 00:02:23]} {[%emt 00:00:04]} Kg7
{[%clk 00:03:09]} {[%emt 00:00:08]} 54. Bxf6+ {[%clk 00:02:16]} {[%emt
00:00:18]} Rxf6 {[%clk 00:03:09]} {[%emt 00:00:10]} 55. gxf6+ {[%clk 00:02:25]}
{[%emt 00:00:02]} Kxf6 {[%clk 00:03:18]} {[%emt 00:00:02]} 56. Kf3 {[%clk
00:02:22]} {[%emt 00:00:12]} g5 {[%clk 00:03:23]} {[%emt 00:00:04]} 57. Rf8+
{[%clk 00:01:15]} {[%emt 00:01:18]} Ke7 {[%clk 00:03:28]} {[%emt 00:00:05]} 58.
Rb8 {[%clk 00:00:57]} {[%emt 00:00:28]} Bd1+ {[%clk 00:03:36]} {[%emt
00:00:02]} 59. Ke3 {[%clk 00:00:19]} {[%emt 00:00:48]} gxf4+ {[%clk 00:03:45]}
60. Kxf4 {[%clk 00:00:22]} {[%emt 00:00:07]} Kd6 {[%clk 00:03:36]} {[%emt
00:00:19]} 61. Rb6+ {[%clk 00:00:16]} {[%emt 00:00:16]} Kc5 {[%clk 00:03:43]}
{[%emt 00:00:02]} 62. Rb4 {[%clk 00:00:23]} {[%emt 00:00:04]} Be2 {[%clk
00:03:48]} {[%emt 00:00:04]} 63. Rd4 {[%clk 00:00:22]} {[%emt 00:00:12]} Bc4
{[%clk 00:03:45]} {[%emt 00:00:13]} 64. Ke5 {[%clk 00:00:29]} {[%emt 00:00:04]}
Bb3 {[%clk 00:03:50]} {[%emt 00:00:04]} 65. Rh4 {[%clk 00:00:26]} {[%emt
00:00:13]} Bc4 {[%clk 00:03:55]} {[%emt 00:00:05]} 66. Rh8 {[%clk 00:00:34]}
{[%emt 00:00:01]} Ba2 {[%clk 00:03:42]} {[%emt 00:00:23]} 67. Rc8+ {[%clk
00:00:39]} {[%emt 00:00:05]} Kb5 {[%clk 00:03:49]} {[%emt 00:00:02]} 68. Kd4
{[%clk 00:00:48]} {[%emt 00:00:03]} Kb6 {[%clk 00:03:26]} {[%emt 00:00:33]} 69.
Rc5 {[%clk 00:00:27]} {[%emt 00:00:31]} Bc4 {[%clk 00:02:52]} {[%emt 00:00:44]}
70. Rxd5 {[%clk 00:00:35]} {[%emt 00:00:02]} Bxd5 {[%clk 00:03:00]} {[%emt
00:00:02]} 71. Kxd5 {[%clk 00:00:44]} {[%emt 00:00:01]} Kc7 {[%clk 00:03:01]}
{[%emt 00:00:09]} 1-0

[Event "ABC-4 2025 Groep A"]
[Site "Utrecht"]
[Date "2025.03.15"]
[Round "1.6"]
[White "Hage, Ruben"]
[Black "Van de Poel, Jona"]
[Result "1/2-1/2"]
[WhiteFideId "8606444"]
[BlackFideId "8707633"]
[WhiteElo "1779"]
[BlackElo "1977"]

1. e4 {[%clk 00:55:14]} {[%emt 00:00:05]} c5 {[%clk 00:55:15]} {[%emt
00:00:05]} 2. Nf3 {[%clk 00:55:18]} {[%emt 00:00:07]} e6 {[%clk 00:55:20]}
{[%emt 00:00:05]} 3. d4 {[%clk 00:55:19]} {[%emt 00:00:09]} cxd4 {[%clk
00:55:25]} {[%emt 00:00:04]} 4. Nxd4 {[%clk 00:55:24]} {[%emt 00:00:05]} Nf6
{[%clk 00:55:30]} {[%emt 00:00:05]} 5. Nc3 {[%clk 00:55:24]} {[%emt 00:00:10]}
Nc6 {[%clk 00:55:34]} {[%emt 00:00:07]} 6. Be3 {[%clk 00:55:28]} {[%emt
00:00:05]} Bb4 {[%clk 00:55:31]} {[%emt 00:00:14]} 7. Bd3 {[%clk 00:54:41]}
{[%emt 00:00:57]} d5 {[%clk 00:53:31]} {[%emt 00:02:10]} 8. exd5 {[%clk
00:51:42]} {[%emt 00:03:09]} Nxd5 {[%clk 00:52:11]} {[%emt 00:01:30]} 9. Nxc6
{[%clk 00:51:16]} {[%emt 00:00:36]} bxc6 {[%clk 00:51:04]} {[%emt 00:01:16]} 10.
Bd2 {[%clk 00:51:13]} {[%emt 00:00:13]} Nxc3 {[%clk 00:48:56]} {[%emt
00:02:19]} 11. bxc3 {[%clk 00:51:08]} {[%emt 00:00:14]} Bd6 {[%clk 00:47:48]}
{[%emt 00:01:17]} 12. Qg4 {[%clk 00:47:06]} {[%emt 00:04:13]} O-O {[%clk
00:40:10]} {[%emt 00:07:48]} 13. Qe4 {[%clk 00:44:39]} {[%emt 00:02:38]} f5
{[%clk 00:39:38]} {[%emt 00:00:42]} 14. Qxc6 {[%clk 00:41:39]} {[%emt
00:03:10]} Rb8 {[%clk 00:39:36]} {[%emt 00:00:12]} 15. Ba6 {[%clk 00:39:40]}
{[%emt 00:02:09]} Rb6 {[%clk 00:37:53]} {[%emt 00:01:53]} 16. Qxc8 {[%clk
00:39:37]} {[%emt 00:00:14]} Qxc8 {[%clk 00:37:56]} {[%emt 00:00:06]} 17. Bxc8
{[%clk 00:39:43]} {[%emt 00:00:03]} Rxc8 {[%clk 00:38:02]} {[%emt 00:00:05]} 18.
O-O {[%clk 00:39:41]} {[%emt 00:00:12]} Rb2 {[%clk 00:38:06]} {[%emt 00:00:05]}
19. Be3 {[%clk 00:37:35]} {[%emt 00:02:17]} f4 {[%clk 00:37:17]} {[%emt
00:01:00]} 20. Bxa7 {[%clk 00:30:02]} {[%emt 00:07:42]} Rb7 {[%clk 00:36:58]}
{[%emt 00:00:29]} 21. Rfd1 {[%clk 00:30:01]} {[%emt 00:00:11]} Rc6 {[%clk
00:36:59]} {[%emt 00:00:09]} 22. Rxd6 {[%clk 00:29:45]} {[%emt 00:00:26]} Rxd6
{[%clk 00:36:45]} {[%emt 00:00:23]} 23. Bd4 {[%clk 00:29:45]} {[%emt 00:00:11]}
Ra6 {[%clk 00:35:27]} {[%emt 00:01:28]} 24. a3 {[%clk 00:25:20]} {[%emt
00:04:35]} Rxa3 {[%clk 00:35:33]} {[%emt 00:00:04]} 25. Re1 {[%clk 00:25:23]}
{[%emt 00:00:07]} e5 {[%clk 00:33:14]} {[%emt 00:02:30]} 26. Bc5 {[%clk
00:24:33]} {[%emt 00:00:59]} Ra5 {[%clk 00:31:21]} {[%emt 00:02:03]} 27. Bb4
{[%clk 00:24:25]} {[%emt 00:00:18]} Rd5 {[%clk 00:31:26]} {[%emt 00:00:04]} 28.
h4 {[%clk 00:24:27]} {[%emt 00:00:09]} Kf7 {[%clk 00:31:19]} {[%emt 00:00:17]}
29. c4 {[%clk 00:23:10]} {[%emt 00:01:28]} Rd4 {[%clk 00:29:58]} {[%emt
00:01:30]} 30. c3 {[%clk 00:23:10]} {[%emt 00:00:10]} Rxc4 {[%clk 00:29:09]}
{[%emt 00:00:58]} 31. Rxe5 {[%clk 00:23:16]} {[%emt 00:00:05]} Kf6 {[%clk
00:28:28]} {[%emt 00:00:50]} 32. Re8 {[%clk 00:20:59]} {[%emt 00:02:28]} Kf5
{[%clk 00:27:58]} {[%emt 00:00:40]} 33. f3 {[%clk 00:20:50]} {[%emt 00:00:19]}
Rd7 {[%clk 00:27:26]} {[%emt 00:00:42]} 34. Re2 {[%clk 00:19:59]} {[%emt
00:01:00]} h6 {[%clk 00:26:19]} {[%emt 00:01:17]} 35. Ra2 {[%clk 00:19:07]}
{[%emt 00:01:03]} Kg6 {[%clk 00:25:17]} {[%emt 00:01:13]} 36. Kh2 {[%clk
00:18:09]} {[%emt 00:01:08]} Rc6 {[%clk 00:23:54]} {[%emt 00:01:33]} 37. Ra5
{[%clk 00:17:14]} {[%emt 00:01:05]} Re6 {[%clk 00:23:14]} {[%emt 00:00:49]} 38.
Bc5 {[%clk 00:15:31]} {[%emt 00:01:54]} Rd1 {[%clk 00:19:32]} {[%emt 00:03:51]}
39. Bd4 {[%emt 00:03:06]} Ree1 {[%emt 00:00:38]} 40. h5+ {[%clk 00:14:45]} Kf7
{[%clk 00:16:40]} {[%emt 00:00:32]} 41. Rf5+ {[%clk 00:14:36]} {[%emt
00:00:20]} Ke6 {[%clk 00:16:30]} {[%emt 00:00:20]} 42. Rxf4 {[%clk 00:14:36]}
{[%emt 00:00:10]} Rh1+ {[%clk 00:16:20]} {[%emt 00:00:19]} 43. Kg3 {[%clk
00:14:42]} {[%emt 00:00:05]} Rxh5 {[%clk 00:16:17]} {[%emt 00:00:13]} 44. Bxg7
{[%clk 00:14:15]} {[%emt 00:00:38]} Rg5+ {[%clk 00:15:47]} {[%emt 00:00:40]} 45.
Rg4 {[%clk 00:14:20]} {[%emt 00:00:04]} Kf5 {[%clk 00:15:51]} {[%emt 00:00:05]}
46. Bxh6 {[%clk 00:13:54]} {[%emt 00:00:37]} Rxg4+ {[%clk 00:15:51]} {[%emt
00:00:09]} 47. fxg4+ {[%clk 00:13:59]} {[%emt 00:00:05]} Kg6 {[%clk 00:15:55]}
{[%emt 00:00:06]} 48. Be3 {[%clk 00:13:44]} {[%emt 00:00:25]} Rd3 {[%clk
00:16:01]} {[%emt 00:00:05]} 49. Kf4 {[%clk 00:13:48]} {[%emt 00:00:05]} Rxc3
{[%clk 00:16:06]} {[%emt 00:00:06]} 1/2-1/2

[Event "ABC-4 2025 Groep A"]
[Site "Utrecht"]
[Date "2025.03.15"]
[Round "1.7"]
[White "Rogozyanskiy, Alexander"]
[Black "Mastop, Guido"]
[Result "1-0"]
[WhiteFideId "8973866"]
[BlackFideId "8879915"]
[WhiteElo "1959"]
[BlackElo "1778"]

1. e4 {[%clk 00:54:49]} {[%emt 00:00:30]} c5 {[%clk 00:55:17]} {[%emt
00:00:04]} 2. Nf3 {[%clk 00:53:36]} {[%emt 00:01:22]} Nc6 {[%clk 00:55:22]}
{[%emt 00:00:06]} 3. Bb5 {[%clk 00:53:43]} {[%emt 00:00:04]} e6 {[%clk
00:52:59]} {[%emt 00:02:33]} 4. Bxc6 {[%clk 00:53:35]} {[%emt 00:00:17]} bxc6
{[%clk 00:52:46]} {[%emt 00:00:23]} 5. e5 {[%clk 00:47:33]} {[%emt 00:06:11]}
f6 {[%clk 00:51:31]} {[%emt 00:01:26]} 6. O-O {[%clk 00:44:34]} {[%emt
00:03:09]} fxe5 {[%clk 00:46:29]} {[%emt 00:05:12]} 7. Nxe5 {[%clk 00:44:18]}
{[%emt 00:00:26]} Nf6 {[%clk 00:46:12]} {[%emt 00:00:27]} 8. b3 {[%clk
00:37:41]} {[%emt 00:06:46]} Qc7 {[%clk 00:43:24]} {[%emt 00:02:58]} 9. Bb2
{[%clk 00:33:49]} {[%emt 00:04:03]} d5 {[%clk 00:42:49]} {[%emt 00:00:46]} 10.
d3 {[%clk 00:30:08]} {[%emt 00:03:50]} Be7 {[%clk 00:38:16]} {[%emt 00:04:42]}
11. Nd2 {[%clk 00:28:48]} {[%emt 00:01:31]} O-O {[%clk 00:37:01]} {[%emt
00:01:25]} 12. Qe2 {[%clk 00:28:09]} {[%emt 00:00:49]} Bd6 {[%clk 00:32:13]}
{[%emt 00:04:58]} 13. Rae1 {[%clk 00:24:05]} {[%emt 00:04:14]} a5 {[%clk
00:19:47]} {[%emt 00:12:36]} 14. a4 {[%clk 00:23:02]} {[%emt 00:01:13]} Re8
{[%clk 00:15:43]} {[%emt 00:04:14]} 15. f4 {[%clk 00:21:48]} {[%emt 00:01:25]}
Nd7 {[%clk 00:13:10]} {[%emt 00:02:42]} 16. Qh5 {[%clk 00:16:14]} {[%emt
00:05:44]} Nf6 {[%clk 00:09:18]} {[%emt 00:04:02]} 17. Qh3 {[%clk 00:15:07]}
{[%emt 00:01:16]} Ra7 {[%clk 00:08:17]} {[%emt 00:01:13]} 18. Kh1 {[%clk
00:13:20]} {[%emt 00:01:57]} Nd7 {[%clk 00:08:08]} {[%emt 00:00:18]} 19. Ndf3
{[%clk 00:10:14]} {[%emt 00:03:16]} h6 {[%clk 00:06:38]} {[%emt 00:01:40]} 20.
Qg4 {[%clk 00:07:23]} {[%emt 00:03:01]} Nxe5 {[%clk 00:05:56]} {[%emt
00:00:52]} 21. Nxe5 {[%clk 00:06:43]} {[%emt 00:00:50]} Bxe5 {[%clk 00:05:15]}
{[%emt 00:00:52]} 22. Rxe5 {[%clk 00:05:44]} {[%emt 00:01:08]} d4 {[%clk
00:04:43]} {[%emt 00:00:42]} 23. Rfe1 {[%clk 00:03:56]} {[%emt 00:01:59]} Qd6
{[%clk 00:04:35]} {[%emt 00:00:17]} 24. Ba3 {[%clk 00:03:53]} {[%emt 00:00:13]}
Rf7 {[%clk 00:03:19]} {[%emt 00:01:26]} 25. Bxc5 {[%clk 00:03:37]} {[%emt
00:00:27]} Qd8 {[%clk 00:03:28]} {[%emt 00:00:01]} 26. h3 {[%clk 00:02:20]}
{[%emt 00:01:26]} Qf6 {[%clk 00:03:33]} {[%emt 00:00:05]} 27. f5 {[%clk
00:02:00]} {[%emt 00:00:31]} Bd7 {[%clk 00:03:02]} {[%emt 00:00:40]} 28. fxe6
{[%clk 00:01:17]} {[%emt 00:00:54]} Bxe6 {[%clk 00:01:47]} {[%emt 00:01:25]} 29.
Rxe6 {[%clk 00:01:14]} {[%emt 00:00:12]} Rxe6 {[%clk 00:01:54]} {[%emt
00:00:03]} 30. Qxe6 {[%clk 00:01:11]} {[%emt 00:00:14]} Qf2 {[%clk 00:02:02]}
{[%emt 00:00:01]} 31. Qe8+ {[%clk 00:01:07]} {[%emt 00:00:15]} Kh7 {[%clk
00:02:01]} {[%emt 00:00:11]} 32. Qe4+ {[%clk 00:01:12]} {[%emt 00:00:04]} g6
{[%clk 00:01:55]} {[%emt 00:00:16]} 33. Bxd4 {[%clk 00:01:15]} {[%emt
00:00:07]} Qxc2 {[%clk 00:02:01]} {[%emt 00:00:04]} 34. Qe8 {[%clk 00:01:11]}
{[%emt 00:00:14]} Qxb3 {[%clk 00:02:09]} {[%emt 00:00:03]} 35. Qh8# {[%clk
00:01:19]} {[%emt 00:00:02]} 1-0

[Event "ABC-4 2025 Groep A"]
[Site "Utrecht"]
[Date "2025.03.15"]
[Round "1.8"]
[White "Zhang, Jinchen"]
[Black "Gupta, Akul"]
[Result "0-1"]
[WhiteFideId "9011090"]
[BlackFideId "8925180"]
[WhiteElo "1747"]
[BlackElo "1930"]

1. d4 {[%clk 00:55:18]} {[%emt 00:00:01]} Nf6 {[%clk 00:55:12]} {[%emt
00:00:07]} 2. Nf3 {[%clk 00:55:23]} {[%emt 00:00:06]} e6 {[%clk 00:55:16]}
{[%emt 00:00:07]} 3. Bf4 {[%clk 00:55:11]} {[%emt 00:00:21]} d5 {[%clk
00:55:02]} {[%emt 00:00:25]} 4. c3 {[%clk 00:54:47]} {[%emt 00:00:34]} Bd6
{[%clk 00:54:50]} {[%emt 00:00:22]} 5. Bg3 {[%clk 00:54:38]} {[%emt 00:00:18]}
c5 {[%clk 00:54:41]} {[%emt 00:00:19]} 6. e3 {[%clk 00:54:12]} {[%emt
00:00:36]} Qc7 {[%clk 00:54:42]} {[%emt 00:00:08]} 7. Be2 {[%clk 00:53:40]}
{[%emt 00:00:42]} Nbd7 {[%clk 00:54:44]} {[%emt 00:00:08]} 8. Nbd2 {[%clk
00:52:46]} {[%emt 00:01:04]} O-O {[%clk 00:54:44]} {[%emt 00:00:10]} 9. O-O
{[%clk 00:52:20]} {[%emt 00:00:36]} e5 {[%clk 00:54:31]} {[%emt 00:00:23]} 10.
dxe5 {[%clk 00:51:53]} {[%emt 00:00:37]} Nxe5 {[%clk 00:54:32]} {[%emt
00:00:10]} 11. Qc2 {[%clk 00:49:16]} {[%emt 00:02:47]} c4 {[%clk 00:47:46]}
{[%emt 00:06:56]} 12. Nxe5 {[%clk 00:47:04]} {[%emt 00:02:21]} Bxe5 {[%clk
00:45:35]} {[%emt 00:02:23]} 13. Bxe5 {[%clk 00:43:50]} {[%emt 00:03:22]} Qxe5
{[%clk 00:45:32]} {[%emt 00:00:14]} 14. Nf3 {[%clk 00:43:24]} {[%emt 00:00:35]}
Qc7 {[%clk 00:41:47]} {[%emt 00:03:54]} 15. h3 {[%clk 00:41:37]} {[%emt
00:01:58]} Bd7 {[%clk 00:40:03]} {[%emt 00:01:55]} 16. Nd4 {[%clk 00:40:06]}
{[%emt 00:01:41]} Ne4 {[%clk 00:37:13]} {[%emt 00:03:00]} 17. Bf3 {[%clk
00:37:49]} {[%emt 00:02:27]} f5 {[%clk 00:37:11]} {[%emt 00:00:12]} 18. Rad1
{[%clk 00:36:10]} {[%emt 00:01:48]} b5 {[%clk 00:35:20]} {[%emt 00:02:01]} 19.
Ne2 {[%clk 00:34:22]} {[%emt 00:01:58]} Qe5 {[%clk 00:34:14]} {[%emt 00:01:16]}
20. Nf4 {[%clk 00:31:41]} {[%emt 00:02:51]} Bc6 {[%clk 00:34:15]} {[%emt
00:00:10]} 21. Bxe4 {[%clk 00:28:33]} {[%emt 00:03:17]} fxe4 {[%clk 00:32:27]}
{[%emt 00:01:58]} 22. Rd2 {[%clk 00:26:50]} {[%emt 00:01:54]} g5 {[%clk
00:31:15]} {[%emt 00:01:21]} 23. Ne2 {[%clk 00:26:27]} {[%emt 00:00:33]} a5
{[%clk 00:29:33]} {[%emt 00:01:53]} 24. a3 {[%clk 00:24:04]} {[%emt 00:02:33]}
Bd7 {[%clk 00:29:08]} {[%emt 00:00:34]} 25. Rfd1 {[%clk 00:23:08]} {[%emt
00:01:06]} Qf6 {[%clk 00:28:56]} {[%emt 00:00:22]} 26. Ng3 {[%clk 00:22:42]}
{[%emt 00:00:36]} Be6 {[%clk 00:28:49]} {[%emt 00:00:16]} 27. Ra1 {[%clk
00:20:44]} {[%emt 00:02:10]} Bf7 {[%clk 00:27:31]} {[%emt 00:01:27]} 28. Qd1
{[%clk 00:20:34]} {[%emt 00:00:21]} Qg6 {[%clk 00:22:35]} {[%emt 00:05:05]} 29.
Ne2 {[%clk 00:17:19]} {[%emt 00:03:26]} h5 {[%clk 00:21:11]} {[%emt 00:01:34]}
30. Nd4 {[%clk 00:16:57]} {[%emt 00:00:32]} Qb6 {[%clk 00:19:01]} {[%emt
00:02:12]} 31. a4 {[%clk 00:13:41]} {[%emt 00:03:35]} b4 {[%clk 00:19:04]}
{[%emt 00:00:07]} 32. Qc2 {[%clk 00:13:17]} {[%emt 00:00:34]} Bg6 {[%clk
00:17:17]} {[%emt 00:01:57]} 33. Nb5 {[%clk 00:10:37]} {[%emt 00:02:51]} Rad8
{[%clk 00:16:22]} {[%emt 00:01:04]} 34. Rad1 {[%clk 00:09:55]} {[%emt
00:00:52]} Qb7 {[%clk 00:13:19]} {[%emt 00:03:07]} 35. Nd4 {[%clk 00:08:35]}
{[%emt 00:01:36]} Rf6 {[%clk 00:13:13]} {[%emt 00:00:16]} 36. Nb5 {[%clk
00:06:39]} {[%emt 00:02:06]} Rdf8 {[%clk 00:12:43]} {[%emt 00:00:40]} 37. Rxd5
{[%clk 00:06:01]} {[%emt 00:00:49]} Qf7 {[%clk 00:10:19]} {[%emt 00:02:33]} 38.
R5d2 {[%clk 00:05:49]} {[%emt 00:00:22]} b3 {[%clk 00:10:14]} {[%emt 00:00:14]}
39. Qc1 {[%clk 00:05:17]} {[%emt 00:00:43]} Rxf2 {[%clk 00:09:21]} {[%emt
00:01:03]} 40. Kh2 {[%clk 00:04:50]} {[%emt 00:00:37]} g4 {[%clk 00:08:09]}
{[%emt 00:01:22]} 41. Rxf2 {[%clk 00:04:25]} {[%emt 00:00:35]} Qxf2 {[%clk
00:08:03]} {[%emt 00:00:16]} 42. hxg4 {[%clk 00:04:24]} {[%emt 00:00:11]} hxg4
{[%clk 00:08:06]} {[%emt 00:00:06]} 43. Qd2 {[%clk 00:04:28]} {[%emt 00:00:07]}
Qh4+ {[%clk 00:06:15]} {[%emt 00:02:00]} 44. Kg1 {[%clk 00:04:29]} {[%emt
00:00:09]} g3 {[%clk 00:06:05]} {[%emt 00:00:21]} 45. Qd5+ {[%clk 00:03:58]}
{[%emt 00:00:41]} Bf7 {[%clk 00:06:06]} {[%emt 00:00:09]} 46. Qd4 {[%clk
00:03:10]} {[%emt 00:00:58]} Qh2+ {[%clk 00:06:05]} {[%emt 00:00:11]} 47. Kf1
{[%clk 00:03:18]} {[%emt 00:00:03]} Qh1+ {[%clk 00:05:51]} {[%emt 00:00:23]} 48.
Ke2 {[%clk 00:03:24]} {[%emt 00:00:04]} Bh5+ {[%clk 00:05:55]} {[%emt
00:00:06]} 49. Kd2 {[%clk 00:03:14]} {[%emt 00:00:20]} Qxd1# {[%clk 00:05:57]}
{[%emt 00:00:08]} 0-1